| 000 | 00863nam a2200253 4500 | ||
|---|---|---|---|
| 003 | CBULib | ||
| 005 | 20241122080747.0 | ||
| 008 | 241122b |||||||| |||| 00| 0 eng d | ||
| 040 |
_aCBULib _bEnglish _cCBULib _erda |
||
| 041 | _aeng | ||
| 050 | _aUNCTAD(06)IPR/2016/1 | ||
| 110 | _aUnited Nations Conference on Trade and Development (UNCTAD) | ||
| 245 |
_aInvestment policy review : Kyrgyzstan _c/ by United Nations Conference on Trade and Development (UNCTAD) |
||
| 260 |
_aNew York : _bUnited Nations, _c2016. |
||
| 300 | _aix, 69 pages : illustrations | ||
| 336 |
_2rdacontent _aText | _btxt |
||
| 337 |
_2rdamedia _aUnmediated | _bn |
||
| 338 |
_2rdacarrier _aVolume _bnc |
||
| 650 | _aINVESTMENT--KYRGYZSTAN | ||
| 650 | _aKYRGYZSTAN--ECONOMIC POLICY | ||
| 650 | _aINVESTMENTS, FOREIGN--KYRGYZSTAN | ||
| 650 | _aINVESTMENT POLICY | ||
| 942 |
_2mc _c029 |
||
| 999 |
_c85802 _d85802 |
||